000 01217nam a2200277 a 4500
001 000235436
003 AM-YeHGA
005 20250618071605.0
008 030616s1995 ai |||||||||||||||0|arm|d
020 _a5807705149 (Գ. 1)
040 _aAM-YeHGA
041 0 _aarm
100 1 _aԿարապենց, Հակոբ,
_d1925-1994
_93644
245 1 0 _aԵրկեր :
_b2 գ. /
_cՀ. Կարապենց ; Կազմ.՝ Ստ. Թոփչյան ; Առաջաբ.՝ Հր. Թամրազյան ; Խմբ.՝ Ց. Բեժանյան, Ե. Պետրոսյան ; Նկ.՝ Խ. Հակոբյան.
260 _aԵրևան :
_bՆաիրի,
_c1995-.
300 _a2 գ. ;
_c22 սմ.
505 1 0 _gԳ. 1 (1995, 504 էջ : դիմանկ.) :
_tՊատմվածքներ
650 1 4 _aՍփյուռքահայ գրականություն
_94906
700 1 _aԹոփչյան, Ստեփան Էդուարդի,
_d1937-2021
_eկազմ.
_4com
_91095
700 1 _aԹամրազյան, Հրանտ Սմբատի,
_d1926-2001
_eառաջաբ.
_4aui
_91136
700 1 _aԲեժանյան, Ց.
_eխմբ.
_4edt
700 1 _aՊետրոսյան, Ե.
_eխմբ.
_4edt
700 1 _aՀակոբյան, Խորեն Զավենի,
_d1945-
_eնկ.
_4art
_93428
942 _2udc
_cBK
090 _c84496
999 _c83222
_d83222